000 00571nam a2200205Ia 4500
005 20250923145630.0
008 008 250917s9999 xx 000 0 eng d
037 _aTextual
040 _aDSWL
_beng
_cDSWL
041 _aeng
_2eng
084 _aO70aX:326, N74
_qDSWL
100 _aRodinson, M.
_9837362
245 0 _aIslam and Capitalism
_c by M.Rodinson
260 _aHarmondsworth
_bPenguin Books
_c1974
300 _axviii,306 p.
365 _aGBP
_b2.5
925 _g2.5
942 _cTEXL
_hO70aX:326, N74
999 _c1453702
_d1453702